Pilote de Formule 1 2025 - Statistiques

Statistiques générales
  • Ce quiz a été pris 55 fois
  • Le résultat moyen est 19 sur 20
Statistiques - réponses
Hint Réponse % Correct
Ferrari Charles Leclerc
100%
Mercedes George Russell
100%
McLaren Lando Norris
100%
Ferrari Lewis Hamilton
100%
Red Bull Max Verstappen
100%
McLaren Oscar Piastri
100%
Alpine Pierre Gasly
100%
Haas Esteban Ocon
98%
Racing Bulls Yuki Tsunoda
98%
Aston Martin Fernando Alonso
96%
Racing Bulls Isack Hadjar
94%
Williams Carlos Sainz
92%
Mercedes Kimi Antonelli
92%
Aston Martin Lance Stroll
92%
Kick Sauder Nico Hulkenberg
92%
Red Bull Liam Lawson
88%
Williams Alexander Albon
86%
Haas Oliver Bearman
82%
Alpine Jack Doohan
80%
Kick Sauber Gabriel Bortoleto
78%
Aucun quiz correspondant
Distribution des résultats
% des personnes avec chaque résultat
Percentile par nombre de réponses
Votre historique - résultats
Vous n’avez pas pris ce quiz